000 00962nam a22002057a 4500
999 _c36536
_d36536
003 OSt
005 20260306062549.0
008 150408b xxu||||| |||| 00| 0 eng d
040 _cBMC
082 _a657.092
100 1 _aNarvaez Henríquez, Rodrigo Andrés
_950257
245 1 0 _aPasantía de asistente del despacho contable "Aguilera & Asociados, S.A. de C.V.", en la ciudad de Santa Ana
_b: informe final
_cRodrigo Andrés Narvaez Henríquez
260 _aSanta Ana (El Salvador)
_bUniversidad Católica de El Salvador
_c2025
300 _a1 v. (pág. var.)
_c28 cm
_e+ 1 USB
500 _aPrecede al tít.: Universidad Católica de El Salvador, Facultad de Ciencias Empresariales
502 _aTrabajo de graduación para optar al grado académico de Licenciatura en Contaduría Pública
650 2 0 _aContador público
_98628
710 2 _91067
_aUniversidad Católica de El Salvador
_bFacultad de Ciencias Empresariales
942 _2ddc
_cTG
_hprozim